'A'-Less Countries Quiz Stats

 Plays Quiz Updated Apr 30, 2017

Support Sporcle.
Go Orange.
Score 0/31 Timer 06:00
11 Plays Today
Country % Correct
Mexico
85.6%
Chile
82.1%
Egypt
81.3%
Sweden
80.8%
Peru
77.9%
Greece
73.5%
Turkey
69%
Belgium
67.7%
Morocco
67.2%
Yemen
67%
United Kingdom (rest of name not commonly used)
64%
Belize
63%
Fiji
62.7%
Togo
61.5%
Luxembourg
61.2%
Niger
58.8%
Country % Correct
Cyprus
57.4%
Liechtenstein
55.3%
Lesotho
55.2%
Benin
54.9%
Djibouti
54.4%
Kosovo
50.8%
Philippines
50.7%
Seychelles
48.4%
Comoros
47.7%
Burundi
47.5%
Brunei
45.7%
Montenegro
41.9%
Republic of the Congo
40.7%
Côte d'Ivoire
18.4%
Timor-Leste
17.1%

From the Vault

Board Game by Necklace

by KStericker

Gaming 4m
It might be hard to play your games if you keep stealing their pieces to make jewelry.
Remove Ads.
Support Sporcle.
Get the best of Sporcle when you Go Orange. This ad-free experience offers more features, more stats, and more fun while also helping to support Sporcle. Thank you for becoming a member.

Show Comments

Extras

Top Quizzes Today


Score Distribution

Your Account Isn't Verified!

In order to create a playlist on Sporcle, you need to verify the email address you used during registration. Go to your Sporcle Settings to finish the process.

Report this User

Report this user for behavior that violates our Community Guidelines.

Details: